Welcome to CU Library Online Public Access Catalogue (OPAC)

The end of words : (Record no. 6058)

MARC details
000 -LEADER
fixed length control field 00638cam a22001934a 4500
001 - CONTROL NUMBER
control field 13924069
005 - DATE AND TIME OF LATEST TRANSACTION
control field 20250530113856.0
008 - FIXED-LENGTH DATA ELEMENTS--GENERAL INFORMATION
fixed length control field 050408s2005 miu b 001 0 eng
020 ## - INTERNATIONAL STANDARD BOOK NUMBER
International Standard Book Number 0802829325 (cloth : alk. paper)
050 00 - LIBRARY OF CONGRESS CALL NUMBER
Classification number BV4211.3
Item number .L57 2005
082 00 - DEWEY DECIMAL CLASSIFICATION NUMBER
Classification number 251
Edition information 22
100 1# - MAIN ENTRY--PERSONAL NAME
Personal name Lischer, Richard.
245 14 - TITLE STATEMENT
Title The end of words :
Remainder of title the language of reconciliation in a culture of violence /
Statement of responsibility, etc. Richard Lischer.
260 ## - PUBLICATION, DISTRIBUTION, ETC.
Place of publication, distribution, etc. Grand Rapids, Mich. :
Name of publisher, distributor, etc. William B. Eerdmans Pub.,
Date of publication, distribution, etc. c2005.
300 ## - PHYSICAL DESCRIPTION
Extent x, 179 p. ;
Dimensions 20 cm.
650 #0 - SUBJECT ADDED ENTRY--TOPICAL TERM
Topical term or geographic name entry element Preaching.
650 #0 - SUBJECT ADDED ENTRY--TOPICAL TERM
Topical term or geographic name entry element Reconciliation
General subdivision Religious aspects
-- Christianity.
942 ## - ADDED ENTRY ELEMENTS (KOHA)
Source of classification or shelving scheme Library of Congress Classification
Koha item type Books
Suppress in OPAC No
999 ## -
-- 6058
-- 6058
Holdings
Withdrawn status Lost status Source of classification or shelving scheme Damaged status Not for loan Collection Home library Current library Shelving location Date acquired Total checkouts Full call number Barcode Date last seen Copy number Price effective from Koha item type
    Library of Congress Classification     Non-fiction Undergraduate Library (Christ Temple) Undergraduate Library (Christ Temple) General stacks 05/30/2025   BV 4211.3 LIS ulct00002750 05/30/2025 1 05/30/2025 Books
© 2023-2024 Copyright: Central University Libraries. All Rights Reserved | Created by: Mahone Tech Office